00548nam a2200205 a 4500001001300000003000900013005001700022008004100039020002300080082001900103100001800122245004100140260004200181300000900223500003500232505001700267650001800284650002200302700001800324nice12345678IN_TiNIC20260116012742.0050524s1992 mina grp 000 0 eng  a0814677 c10000a261.83456bOBR aO`Brien, John aTheology and the Option for the Poor aMinnesotabMichael Glazier Bookc1992 a167p aincludes index and biblioraphy2 aBibliography aTheology-Poor aChristianity-Poor1 aO`Brien, John